| 000 | 00762nam a22002055i 4500 | ||
|---|---|---|---|
| 001 | 170201 | ||
| 003 | ES-MaACL | ||
| 005 | 20251223063021.0 | ||
| 008 | 090211q1943 fr 000 d fre d | ||
| 080 | _a782.1 | ||
| 100 | 0 |
_aHofmannsthal, Hugo von _963966 |
|
| 245 | 1 | 0 |
_aElektra : _btragédie en un acte / _cde Hugo von Hofmansthal ; texte français de H. Gauthier-Villars ; musique de Richard Strauss. |
| 260 |
_aParis : _bLibrairie Théatrale : _bM.-R. Braun, _c[ca. 1943] |
||
| 300 |
_a48 p. ; _c19 cm. |
||
| 650 | 4 |
_aÓperas- _vLibretos. _9137584 |
|
| 700 | 1 |
_aWilly ( _d1859-1931) _956043 |
|
| 700 | 1 |
_aStrauss, Richard, _d1864-1949 _9240557 |
|
| 852 | 4 |
_aES-MaACL _j2247-F-15 _z- Biblioteca Jacinto Martínez Lacalle |
|
| 999 |
_c170201 _d170201 |
||